Score 0/20 Timer 04:00
0 Plays Today
% Correct
Spider-Man
99.8%
Hulk
96.6%
Captain America
94.5%
Iron Man
93.5%
Thor
90.6%
Ant-Man
88.5%
Deadpool
88.4%
Black Panther
88.3%
Groot
88.2%
Wolverine
87%
% Correct
Thanos
86.6%
Doctor Strange
86.1%
Venom
85.5%
The Wasp
84.6%
Star-Lord
76.5%
Storm
75.2%
Loki
73.3%
Magneto
69.3%
Ultron
69.1%
Juggernaut
57%
Remove Ads.
Support Sporcle.
Get the best of Sporcle when you Go Orange. This ad-free experience offers more features, more stats, and more fun while also helping to support Sporcle. Thank you for becoming a member.

You're not logged in!

Compare scores with friends on all Sporcle quizzes.
OR
Log In

Show Comments

Extras

Top Quizzes Today


Score Distribution

Your Account Isn't Verified!

In order to create a playlist on Sporcle, you need to verify the email address you used during registration. Go to your Sporcle Settings to finish the process.

Report this User

Report this user for behavior that violates our Community Guidelines.

Details: